1089 1636 1080 1307 1161 1748 1059 1486 1177 1369 1797 1508 1370 1869 1885 1246 1446 1430 1669 1702 1090 1219 1838 1996 1746 1945 1525 1893 1355 1750 1221 1214 1878 1193 1383 1375 1345 1623 1299 1198 1984 1587 1596 1403 1241 1191 1148 1130 1051 1572 1219 1908 1541 1747 1149 1885 1088 1642 1953 1635 1198 1657 1232 1372 1110 1717 1891 1894 1155 1271 1586 1438 1629 1358 1124 1775 1819 1670 1218 1333 1987 1659 1675 1308 1193 1134 1737 1455 1652 1947 1806 1099 1153 1675 1811 1701 1058 1674 1912 BCNSPRNW ULIB Ver.6.0+V

เปลี่ยนเป็นภาษาไทย

Change to English
 แสดงรายละเอียดบรรณานุกรม
  กลับหน้าหลัก

Brief Record : Get Marc (ISO 2709) : E-mail record : QR code < ปิดหน้าต่าง
LEADER : 00000nam 2200000uu 4500
001    13399112223
003     ULIB
008    110420s2552||||th 000 0 tha d
020    9742350581
050  4 HD69^bส234ก 2552
100 0  สมคิด พรมจุ้ย
245 10 การเขียนรายงานการประเมินโครงการ/^cสมคิด พรมจุ้ย
250    พิมพ์ครั้งที่ 1
260    กรุงเทพฯ :^bจตุพร ดีไซน์,^c2552
300    300 หน้า
650  7 การประเมินโครงการ
650  7 การเขียนรายงาน
945    ^p200^l0^i027200
945    ^p200^l0^i027201
995    ทศพร
999 ^a ใช้งานได้ทุกระบบ
รายการนี้ยังไม่มีแท็ก
คุณยังไม่ได้ล็อกอิน คุณสามารถมีกิจกรรมร่วมกับเว็บไซต์ได้ แต่ต้องล็อกอินก่อน ::
  ล็อกอิน

รายการสื่อสารสนเทศ

ลำดับที่ ประเภท เลขเรียก/บาร์โค้ด สถานที่ สถานะ
1. การศึกษาทั่วไป
การศึกษาทั่วไป
HD69 ส234ก 2552 ฉ.2 
  Barcode: 027201
ห้องสมุดวิทยาเขตนครสวรรค์
►หนังสือทั่วไป:l:General Books
บนชั้น

รายการใกล้เคียง
    ผู้แต่ง [สมคิด พรมจุ้ย]

    หัวเรื่อง [การประเมินโครงการ]
    หัวเรื่อง [การเขียนรายงาน]

BibComment


ยังไม่เคยถูกคอมเมนท์

คอมเมนท์ทรัพยากรรายการนี้
  คอมเมนท์: การเขียนรายงานการ..


 Copyright 2026. Bcnsprnw @Library